000 00383pam a2200157a 44500
008 230515b1901 xxu||||| |||| 00| 0 eng d
020 _aNULL
041 _aENG
082 _a616.89025
100 _aDubin W R & Hanke N
245 _aPsychiatric Emergencies
250 _a0
260 _aNULL
_b"British library cataloguing in pub, nd, "
_c1901
300 _a268
650 _aN.D.
999 _c520729
_d520729